000 01398nam a2200253Ia 4500
005 20160426093805.0
008 130821s1885 enk fr 1 spa d
040 _aCo-BoUCM
_bspa
_cSandra Yazo
_dSandra Yazo
041 0 _aspa
082 0 4 _a322.1
_220
092 _aE39N049
100 1 _aRestrepo, Juan Pablo
_d1840-1896
_976858
245 1 3 _aLa iglesia y el estado en Colombia
_cJuan Pablo Restrepo
260 _aLondres (Inglaterra)
_bEmiliano Isaza
_c1885
300 _axii, 690 páginas
_c23 x 16 cm
500 _aDetalles físicos: Encuadernación rígida en cartón forrado en tela. Tapas con recuadros y adornos repujados. Lomo con adornos en dorado y negro. Guardas, la delantera con una anotación manuscrita. Portada impresa en una sola tinta, muy manchada. Texto impreso en una sola tinta, algunas notas al pie de página. Papel muy manchado. Tapas y lomo con bordes deteriorados
505 2 _aIntroducción ; Época del gobierno español ; Época del gobierno republicano durante la unión de la iglesia y el estado ; Época de la separación de las dos potestades
506 _aConsulta en sala
650 7 _aIglesia y Estado
_zColombia
_917140
650 7 _aIglesia Católica
_zColombia
_953682
690 _aEstado
_97594
856 4 1 _uhttps://archive.org/stream/laiglesiayelest00restgoog#page/n7/mode/2up
_zDisponible en línea
942 _cLIBRO
_e1
_2LOCAL
_hE39N049
999 _c303299
_d303299